000 01557nam0a22003011 4500
001 rc\614116
005 20031121163916.1
035 _a(NLR Aleph) 005857439
090 _a5842843
_c5842843
100 _a20031121d1986 u |0rusy50 ca
101 0 _arus
102 _aRU
105 _ay |||||||||
200 1 _aИзбранное
_eПер. с польского
_fБогдан Чешко
_g[Составитель В. Селиванова
_gВступ. ст. В. Хорева]
210 _aМ.
_cРадуга
_d1986
215 _a415, [1] с.
_d22
225 1 _aБиблиотека польской литературы
_fРедкол.: Ю.Н. Верченко и др.
327 1 _aСодерж.: Поколение: Роман; Контуры теней: Повесть; Рассказы: Из сб. "Начало воспитания", "Коралловые кусты", "Несентиментальное воспитание", "Коврик с оленем", "Колокольчики"
464 0 _12001#$aПоколение
464 0 _12001#$aКонтуры теней
464 0 _12001#$aИз сб. "Начало воспитания", "Коралловые кусты", "Несентиментальное воспитание", "Коврик с оленем", "Колокольчики"
700 1 _aЧешко
_bБ.
_f1923-
_gБогдан
702 1 _aСеливанова
_bВ. С.
_gВера Сергеевна
_4220
801 0 _aRU
_bNLR
_gpsbo
801 1 _aRU
_bELAR
_2rusmarc
852 _aNLR
_j86-3/10712
942 _cBOOK
980 _aNB